000 00951cam a2200289 i 4500
001 bg
003 BPK
005 20200408130907.0
008 011015s2001 pl a f f |001 0 pol
015 _aPB 2001/17983
020 _a8301014601
040 _aWA N
_cBPK
080 _a517
080 _a(075.8)
100 1 _aKrysicki, Włodzimierz
_d(1905-2001)
_eAutor
245 1 0 _aAnaliza matematyczna w zadaniach.
_n[Cz. 1] /
_cWłodzimierz Krysicki, Lech Włodarski.
250 _aWyd. 28.
260 _aWarszawa :
_bWydaw. Naukowe PWN,
_c2001.
300 _a510, [2] s. :
_bil. ;
_c24 cm.
504 _aIndeks.
655 4 _aPodręczniki akademickie
650 4 _aAnaliza matematyczna
710 2 _aWydawnictwo Naukowe PWN
_4pbl.
700 1 _aWłodarski, Lech
_d(1916-1997)
_eAutor
856 _uhttp://koha.tu.koszalin.pl/cgi-bin/koha/opac-detail.pl?biblionumber=52822
_yKatalog online BPK
942 _2UKD
_cKS
999 _c52822
_d52822